Follow That Line: School Movies II Quiz Stats

 Plays Quiz not verified by Sporcle

Challenge
Share
Tweet
Embed
Score 0/20 Timer 07:00
0 Plays Today
% Correct
Oh my God, Karen, you can't just ask people why they're white.
94.4%
Oh you know, beer, scotch, juice box... whatever.
94.2%
It is his fault he didn't lock the garage.
93.1%
I am an Extraterrestrial from the planet Vulcan.
92.8%
No. You look super young, were you held forward?
92.7%
Oh yeah, like chase cars, and bite the mailman?
92.1%
Ok, I'll be a dumbass.
91.7%
Excuse me for not knowing about El Salvador, like I'm ever going to Spain anyway.
91.3%
Nah... I mean, I'm already pregnant, so what other kind of shenanigans could I get into?
91.3%
What? That's like slapping God across the face for giving you a beautiful gift.
90.6%
% Correct
It's not a space shuttle launch, it's sex.
89.1%
Sweet! Plus I could be your bodyguard, too. Or like, Secret Service Captain, or... whatever...
88.3%
Yeah. He's kind of a joke.
87.7%
Well, there goes your social life.
87%
I think you can in Europe.
86.7%
Yeah? I just got back.
83.3%
I probably should be. I never thought I'd be so happy to be a virgin.
82.6%
Obviously, Doctor, you've never been a 13-year-old girl
82.4%
Tom Cruise?
79.5%
Wouldn't I be outstanding in that capacity?
75.9%

You're not logged in!

Compare scores with friends on all Sporcle quizzes.
OR
Log In

You Might Also Like...

Show Comments

Extras

Top Quizzes Today


Score Distribution

Your Account Isn't Verified!

In order to create a playlist on Sporcle, you need to verify the email address you used during registration. Go to your Sporcle Settings to finish the process.

Report this User

Report this user for behavior that violates our Community Guidelines.

Details: